000 00562nam a2200217Ia 4500
008 101110s9999 xx 000 0 und d
041 _aENGLISH
082 _bSR25854
_a891.4309
100 _aAinapure Varsha and Ainapure Mukund
245 _aFinancial accounting (TYBCom)
260 _c2004
_bManan prakashan, Mumbai
300 _a197
365 _b0
520 _aCommerce
546 _aENGLISH
630 _aFinancial accounting (TYBCom)
650 _aCommerce
655 _aCommerce
730 _aFinancial accounting (TYBCom)
942 _cBOOK
999 _c818462
_d818459